书目信息 |
| 题名: |
商君书
|
|
| 作者: | 石磊 译注 | |
| 分册: | ||
| 出版信息: | 北京 中华书局 2016 |
|
| 页数: | 217页 | |
| 开本: | 21cm | |
| 丛书名: | ||
| 单 册: | ||
| 中图分类: | B226.22 | |
| 科图分类: | ||
| 主题词: | 商鞅变法--shang yang bian fa | |
| 电子资源: | ||
| ISBN: | 978-7-101-11462-1 | |
| 000 | 00879nam0 22002651 450 | |
| 001 | 0120081936 | |
| 005 | 20170320081936.0 | |
| 010 | @a978-7-101-11462-1@dCNY15.00 | |
| 100 | @a20160418e2016 em y0chiy50 ea | |
| 101 | 0 | @achi |
| 102 | @aCN@b110000 | |
| 105 | @ay z 000yy | |
| 106 | @ar | |
| 200 | 1 | @a商君书@9shang jun shu@f石磊译注 |
| 210 | @a北京@c中华书局@d2016 | |
| 215 | @a217页@d21cm | |
| 300 | @a中华经典藏书 | |
| 330 | @a本书收录了《更法第一》、《垦令第二》、《农战第三》、《去强第四》、《说民第五》、《算地第六》、《开塞第七》、《壹言第八》、《错法第九》、《战法第十》等篇章。 | |
| 605 | @a《商君书》@Ashang jun shu@x注释 | |
| 605 | @a《商君书》@Ashang jun shu@x译文 | |
| 606 | 0 | @a商鞅变法@9shang yang bian fa |
| 690 | @aB226.22@v5 | |
| 701 | 0 | @a石磊@9shi lei@f(1962~)@4译注 |
| 801 | 0 | @aCN@bTANGWEI@c20170308 |
| 905 | @b0954663-5@dB226.22@e539@f3 | |
| 商君书/石磊译注.-北京:中华书局,2016 |
| 217页;21cm |
| 中华经典藏书 |
| ISBN 978-7-101-11462-1:CNY15.00 |
| 本书收录了《更法第一》、《垦令第二》、《农战第三》、《去强第四》、《说民第五》、《算地第六》、《开塞第七》、《壹言第八》、《错法第九》、《战法第十》等篇章。 |
| ● |
| 相关链接 |
|
|
|
|
正题名:商君书
索取号:B226.22/539
 
预约/预借
| 序号 | 登录号 | 条形码 | 馆藏地/架位号 | 状态 | 备注 |
| 1 | 0954663 | 209546632 | 第一样本阅览室/ [索取号:B226.22/539] | 在馆 | |
| 2 | 0954664 | 209546641 | 第一借阅区/ [索取号:B226.22/539] | 在馆 | |
| 3 | 0954665 | 209546650 | 第一借阅区/ [索取号:B226.22/539] | 在馆 |